000 00289nam a22001337a 4500
008 170908b xxu||||| |||| 00| 0 eng d
020 _a9780252078385
041 _aeng
080 _a91
100 _a42
101 _aGJEO
245 _aTRANSFORMING PLACES
_cFISHER,S.L
942 _2udc
_cBK
999 _c26848
_d26848